000 00396nam a2200157Ia 4500
008 240729s9999 xx 000 0 und d
022 _a1880-8190
245 0 _aInflammation and Regeneration
260 _aUnited Kingdom
260 _bBMC
650 _a Pathology
650 _aMedicine
856 _uhttps://doaj.org/toc/316cbc8b2c7e43a19fd501669d7a8094
942 _2ddc
942 _cDOAJEJ
999 _c74387
_d74387
945 _a1
_bMadushi Gamage
_c1
_dMadushi Gamage